Environmental policy flexibility, search and innovation

Enregistré dans:
Détails bibliographiques
Auteur principal: Haščič, Ivan
Autres auteurs: Johnstone, Nick, Kalamova, Margarita
Format: Chapitre de livre
Langue:anglais
Sujets:
Tags: Ajouter un tag
Pas de tags, Soyez le premier à ajouter un tag!

MARC

LEADER 00000naa$a2200000$$$4500
001 0111596
005 20231010115201.6
041 0 |a eng 
044 |a CZ 
245 1 0 |a Environmental policy flexibility, search and innovation  |c Ivan Haščič, Nick Johnstone, Margarita Kalamova 
610 2 0 |a politika environmentálna 
610 2 0 |a inovácia 
610 2 0 |a flexibilita 
610 2 0 |a kontrola znečistenia 
610 2 0 |a znečistenie prostredia životného 
100 1 |a Haščič, Ivan 
700 1 |a Johnstone, Nick 
700 1 |a Kalamova, Margarita